| Tag |
First Indicator |
Second Indicator |
Subfields |
| LEADER |
00000cam a2200000 i 4500 |
| 001 |
in00003456113 |
| 005 |
20151206101328.0 |
| 008 |
140113s2014 nyua b 001 0 eng |
| 010 |
|
|
|a 2013044363
|
| 020 |
|
|
|a 9781137305459 (alk. paper)
|
| 020 |
|
|
|a 1137305452 (alk. paper)
|
| 035 |
|
|
|a (OCoLC)ocn868298515
|
| 040 |
|
|
|a DLC
|e rda
|c DLC
|d UtOrBLW
|
| 049 |
|
|
|a TXAM
|
| 050 |
0 |
0 |
|a PN1590.C45
|b E57 2014
|
| 082 |
0 |
0 |
|a 792.083
|2 23
|
| 245 |
0 |
0 |
|a Entertaining children :
|b the participation of youth in the entertainment industry /
|c edited by Gillian Arrighi and Victor Emeljanow.
|
| 250 |
|
|
|a First edition.
|
| 264 |
|
1 |
|a New York :
|b Palgrave Macmillan,
|c 2014.
|
| 300 |
|
|
|a viii, 251 pages :
|b illustrations ;
|c 23 cm.
|
| 336 |
|
|
|a text
|b txt
|2 rdacontent
|
| 337 |
|
|
|a unmediated
|b n
|2 rdamedia
|
| 338 |
|
|
|a volume
|b nc
|2 rdacarrier
|
| 490 |
1 |
|
|a Palgrave studies in theatre and performance history
|
| 504 |
|
|
|a Includes bibliographical references and index.
|
| 505 |
0 |
|
|a Terms of engagement. Musical education and the job market: the employment of children and young people in the Neapolitan music industry with particular reference to the period 1650 to 1806 / Rossella Del Prete -- An American antebellum child-actor contract: Alfred Stewart and the shift from craft apprentice to wage laborer / Shauna Vey -- Children and youth of the empire: tales of transgression and accommodation / Gillian Arrighi and Victor Emeljanow -- British child performers 1920-1940: new issues, old legacies / Dyan Colclough -- By children/for children -- "How much do you love me"? the child's obligations to the adult in 1930s Hollywood / Noel Brown -- Shifting screens: the child performer and her audience revisited in the digital age / Gilli Bush-Bailey -- The business of children in Disney's theatre / Ken Cerniglia and Lisa Mitchell -- Young mammals: the politics and aesthetics of long-term collaboration with children in mammalian diving reflex's the Torontonians / Broderick D.V. Chow and Darren O'Donnell -- Global perspectives.- The "little Legong dancers" of Bali: the rise of a child star in Indonesian dance theatre / Laura Noszlopy -- Child training and employment in Taiwanese opera 1940s-1960s: an overview / Shih-Ching H. Picucci -- Higher wages, less pain: the changing role of children in traditional Chinese theater / Mark Branner -- Defying death: children in the Indian circus / Jamie skidmore.
|
| 650 |
|
0 |
|a Performing arts and children
|x History.
|
| 650 |
|
0 |
|a Entertainers
|x History.
|
| 650 |
|
0 |
|a Child labor
|x History.
|
| 700 |
1 |
|
|a Arrighi, Gillian,
|e editor.
|
| 700 |
1 |
|
|a Emeljanow, Victor,
|e editor.
|
| 830 |
|
0 |
|a Palgrave studies in theatre and performance history.
|
| 945 |
|
|
|a PromptCat
|b 783266
|
| 946 |
|
|
|a stk
|
| 947 |
|
|
|a A14840709748
|
| 948 |
|
|
|a cataloged
|b h
|c 2014/6/12
|d c
|e dmitchel
|f 3:10:20 pm
|
| 994 |
|
|
|a 92
|b TXA
|
| 999 |
|
|
|a MARS
|
| 999 |
f |
f |
|s 2f4e6355-2735-39f9-b739-97fbdab0cbb2
|i 846a7073-43a4-3f9f-8dcc-4e7c72ad4b91
|t 0
|
| 952 |
f |
f |
|p normal
|a Texas A&M University
|b College Station
|c Sterling C. Evans Library
|d Evans: Library Stacks
|t 0
|e PN1590.C45 E57 2014
|h Library of Congress classification
|i unmediated -- volume
|m A14840709748
|
| 998 |
f |
f |
|a PN1590.C45 E57 2014
|t 0
|l Evans: Library Stacks
|